The T.H.E. implementation in the public secondary schools of Negros Oriental, school year 1992-1993 : (Record no. 6254)

MARC details
000 -LEADER
fixed length control field 02602nam a22003737a 4500
003 - CONTROL NUMBER IDENTIFIER
control field OSt
005 - DATE AND TIME OF LATEST TRANSACTION
control field 20260604084824.0
008 - FIXED-LENGTH DATA ELEMENTS--GENERAL INFORMATION
fixed length control field 260604b |||||||| |||| 00| 0 eng d
040 ## - CATALOGING SOURCE
Original cataloging agency Foundation University Library
Language of cataloging eng
Transcribing agency Foundation University Library
Description conventions rda
050 ## - LIBRARY OF CONGRESS CALL NUMBER
Classification number GS (DocEd-Dis) LG 221 D35 G73
Item number A6 E38 A36 1993 T35
100 ## - MAIN ENTRY--PERSONAL NAME
Personal name Tale, Norma L.,
Relator term author
9 (RLIN) 5777
245 ## - TITLE STATEMENT
Title The T.H.E. implementation in the public secondary schools of Negros Oriental, school year 1992-1993 :
Remainder of title proposed plan for development /
Statement of responsibility, etc. by Norma L. Tale.
260 ## - PUBLICATION, DISTRIBUTION, ETC.
Place of publication, distribution, etc. Dumaguete City :
Name of publisher, distributor, etc. Foundation University,
Date of publication, distribution, etc. 1993.
264 ## - PRODUCTION, PUBLICATION, DISTRIBUTION, MANUFACTURE, AND COPYRIGHT NOTICE
Copyright Date 1993.
300 ## - PHYSICAL DESCRIPTION
Extent 197 leaves :
Other physical details illustrations ;
Dimensions 28 cm
Materials specified dissertation
Type of unit leaves
336 ## - CONTENT TYPE
Materials specified rdacontent
Content type term text
Content type code txt
337 ## - MEDIA TYPE
Materials specified rdamedia
Media type term unmediated
Media type code n
338 ## - CARRIER TYPE
Materials specified GS-DocEd-Diss
Carrier type term volume
Carrier type code nc
Source rdacarrier
490 ## - SERIES STATEMENT
Series statement GS-DocEd-Dis
500 ## - GENERAL NOTE
General note Conducted during the school year 1992-1993 in selected public secondary schools of Negros Oriental, this study evaluated the implementation of the Technology and Home Economics (T.H.E.) curriculum and included a proposed development plan based on the findings.
502 ## - DISSERTATION, THESIS NOTE
Dissertation note Graduate dissertation (Doctor of Education) -- Foundation University, 1993.
504 ## - BIBLIOGRAPHY, ETC. NOTE
Bibliography, etc. note Includes bibliographical references and appendices.<br/>
520 ## - ABSTRACT.
Abstract This study evaluated the implementation of the Technology and Home Economics (T.H.E.) program in public secondary schools of Negros Oriental during the school year 1992-1993. Specifically, it determined the extent of implementation, assessed the adequacy of instructional resources and facilities, and identified problems encountered in the program. Based on the findings, a proposed development plan was formulated to enhance the effectiveness of T.H.E. instruction and strengthen program implementation in public secondary schools.
650 ## - SUBJECT ADDED ENTRY--TOPICAL TERM
Topical term or geographic name entry element Home economics
General subdivision Study and teaching (Secondary)
Geographic subdivision Philippines.
-- Negros Oriental.
9 (RLIN) 17134
650 ## - SUBJECT ADDED ENTRY--TOPICAL TERM
Topical term or geographic name entry element Secondary education
Geographic subdivision Philippines.
-- Negros Oriental.
9 (RLIN) 17135
650 ## - SUBJECT ADDED ENTRY--TOPICAL TERM
Topical term or geographic name entry element Vocational education
Geographic subdivision Philippines.
9 (RLIN) 17136
650 ## - SUBJECT ADDED ENTRY--TOPICAL TERM
Topical term or geographic name entry element Curriculum evaluation
Geographic subdivision Philippines.
9 (RLIN) 12835
650 ## - SUBJECT ADDED ENTRY--TOPICAL TERM
Topical term or geographic name entry element Educational planning
Geographic subdivision Philippines.
9 (RLIN) 12574
650 ## - SUBJECT ADDED ENTRY--TOPICAL TERM
Topical term or geographic name entry element School management and organization
Geographic subdivision Philippines.
9 (RLIN) 17137
650 ## - SUBJECT ADDED ENTRY--TOPICAL TERM
Topical term or geographic name entry element Education and state
Geographic subdivision Philippines.
9 (RLIN) 12367
658 ## - INDEX TERM--CURRICULUM OBJECTIVE
Main curriculum objective Dissertation Writing 2 :
Subordinate curriculum objective Industrial Engineering, Bachelor of Science in ;
Curriculum code EDD 101 .
900 #0 - CIA (Compiler, Indexer, Abstractor)
Relator code Sapalaran, James O., cataloger
942 ## - ADDED ENTRY ELEMENTS (KOHA)
Source of classification or shelving scheme Library of Congress Classification
Koha item type Dissertation
Suppress in OPAC No
Classification part LG 221 D35 G73
Item part A6 E38 A36 1993 T35
Call number prefix GS (DocEd-Dis)
Holdings
Withdrawn status Lost status Source of classification or shelving scheme Damaged status Not for loan Collection code Home library Current library Shelving location Date acquired Source of acquisition Total Checkouts Full call number Barcode Date last seen Price effective from Koha item type Accession Number
    Library of Congress Classification   Room Use Only Non-fiction Foundation University Library Foundation University Library Thesis, Dissertation 06/04/2026 Donated   GS (DocEd-Dis) LG 221 D35 G73 A6 E38 A36 1993 T35 0232026007008 06/04/2026 06/04/2026 Dissertation DocEd-Dis-2026008